| Tag |
First Indicator |
Second Indicator |
Subfields |
| LEADER |
00000cam a2200000 a 4500 |
| 001 |
in00000018644 |
| 005 |
20151007054021.0 |
| 008 |
880128s1987 fr a bcd 00110 fre d |
| 020 |
|
|
|a 2858503982 :
|c 420F
|
| 035 |
|
|
|a (OCoLC)17428419
|
| 035 |
|
|
|9 AAB3703AM
|
| 040 |
|
|
|a BRL
|c BRL
|d UIU
|d TXA
|d UtOrBLW
|
| 049 |
|
|
|a TXAM
|c [A11047915]
|
| 050 |
0 |
0 |
|a N6853.J4
|b A4 1987
|
| 100 |
0 |
|
|a Le Corbusier,
|d 1887-1965.
|
| 245 |
1 |
3 |
|a Le Corbusier, une encyclopédie /
|c direction de l'ouvrage, Jacques Lucan.
|
| 264 |
|
1 |
|a Paris :
|b Centre Georges Pompidou,
|c [1987]
|
| 264 |
|
4 |
|c ©1987
|
| 300 |
|
|
|a 497 pages :
|b illustrations (some color) ;
|c 31 cm.
|
| 336 |
|
|
|a text
|b txt
|2 rdacontent
|
| 337 |
|
|
|a unmediated
|b n
|2 rdamedia
|
| 338 |
|
|
|a volume
|b nc
|2 rdacarrier
|
| 490 |
1 |
|
|a Collection Monographie
|
| 500 |
|
|
|a Catalog issued in conjunction with an exhibition organized by the Centre de création industrielle, and held at the Grande Galerie, Centre national d'art et de culture Georges Pompidou, Oct. 1987-Jan. 1988.
|
| 504 |
|
|
|a Includes bibliographies and indexes.
|
| 504 |
|
|
|a "Bibliographie des écrits de Le Corbusier": pages 482-489.
|
| 600 |
0 |
0 |
|a Le Corbusier,
|d 1887-1965
|x Exhibitions.
|
| 600 |
0 |
0 |
|a Le Corbusier,
|d 1887-1965
|x Dictionaries, indexes, etc.
|
| 700 |
1 |
|
|a Lucan, Jacques.
|
| 710 |
2 |
|
|a Centre de création industrielle.
|
| 710 |
2 |
|
|a Centre Georges Pompidou.
|
| 830 |
|
0 |
|a Collection Monographie.
|
| 999 |
|
|
|a MARS
|
| 999 |
f |
f |
|s 5c8de421-a32b-31d9-8676-85584e0deb23
|i 1ec74b9b-bca1-31a9-a9c4-27e273fabd73
|t 0
|
| 952 |
f |
f |
|p normal
|a Texas A&M University
|b College Station
|c Sterling C. Evans Library
|d Evans: Library Stacks
|t 0
|e N6853.J4 A4 1987
|h Library of Congress classification
|i unmediated -- volume
|m A14811047915
|
| 998 |
f |
f |
|a N6853.J4 A4 1987
|t 0
|l Evans: Library Stacks
|